Manufacturing Systems Analysis whit Application to Production Scheduling /

Na minha lista:
Detalhes bibliográficos
Autor principal: Baudin, Michel (Author)
Formato: Livro
Idioma:inglês
Publicado em: New Jersey : Jourdon Press, 1990
Assuntos:
Tags: Adicionar Tag
Sem tags, seja o primeiro a adicionar uma tag!

MARC

LEADER 00000nam a22000003a 4500
001 stu34612
005 20150617225730.1
008 920323s1990----xxu-----------------eng-d
040 |a STU  |b slo 
041 0 |a eng 
044 |a xxu 
080 |a 005  |7 stu_us_auth*stu3822 
100 1 |a Baudin, Michel  |4 aut 
245 1 |a Manufacturing Systems Analysis whit Application to Production Scheduling /  |c [aut.]Michel Baudin 
260 |a New Jersey :  |b Jourdon Press,  |c 1990 
300 |a 359 s 
650 7 |a Analýza systémová  |2 stusub 
996 |b 284M054121  |c M*7525-1  |l MMKN  |s A  |a 24  |w stu34612_0001